000 00284nam a22001337a 4500
003 SGT
082 _a615.53
_bA16S
100 _aSHIVHARE, HIRALAL.R
245 _aAIDS & AYURVEDA
260 _aVARANASI
_bCHAUKHAMBA PUB
_c2016
300 _a142
650 _aAYURVEDA
942 _2ddc
_cBK
999 _c16534
_d16534